UEFA Champions League All-Time Top Player Appearances(Football) (Soccer) - Statistics

General Stats
  • This quiz has been taken 1,301 times
    1,255 since last reset
  • The average score is 31 of 106
Answer Stats
Appearances Goals Nationality Name % Correct
120 81 Portugal Cristiano Ronaldo
95%
100 77 Argentina Lionel Messi
88%
157 12 Spain Xavi Hernández
82%
110 10 Spain Andrés Iniesta
80%
153 0 Spain Iker Casillas
80%
144 71 Spain Raúl González
75%
83 8 Spain Sergio Ramos
75%
151 30 Wales Ryan Giggs
74%
139 3 Italy Paolo Maldini
69%
115 51 France Thierry Henry
67%
114 44 Sweden Zlatan Ibrahimović
66%
97 0 Italy Gianluigi Buffon
63%
84 33 England Wayne Rooney
63%
116 59 Ukraine Andriy Shevchenko
62%
120 2 Spain Carles Puyol
61%
107 23 England Frank Lampard
60%
87 30 England Steven Gerrard
59%
94 44 Ivory Coast Didier Drogba
57%
87 25 Netherlands Arjen Robben
56%
77 9 Spain Gerard Piqué
56%
82 14 France Zinédine Zidane
54%
130 25 England Paul Scholes
53%
106 0 Czech Republic Petr Čech
53%
82 33 Cameroon Samuel Eto’o
50%
96 2 England Rio Ferdinand
49%
113 17 England David Beckham
47%
115 8 Italy Andrea Pirlo
46%
88 30 Brazil Kaká
44%
83 16 Czech Republic Pavel Nedvěd
44%
107 10 England John Terry
42%
100 0 Netherlands Edwin van der Sar
41%
107 24 Portugal Luís Figo
41%
80 14 Republic of Ireland Roy Keane
41%
110 0 Spain Víctor Valdés
41%
92 44 Italy Alessandro Del Piero
40%
101 0 Italy Alessandro Nesta
40%
107 0 Germany Oliver Kahn
38%
108 1 England Ashley Cole
37%
131 12 Netherlands Clarence Seedorf
37%
81 60 Netherlands Ruud van Nistelrooy
37%
96 0 Germany Philipp Lahm
35%
115 2 England Gary Neville
33%
78 31 Brazil Rivaldo
33%
83 7 Brazil Dani Alves
32%
85 50 Italy Filippo Inzaghi
30%
128 17 Brazil Roberto Carlos
29%
113 5 Spain Xabi Alonso
28%
78 3 Portugal Pepe
26%
76 0 Brazil Dida
25%
77 15 Netherlands Wesley Sneijder
25%
77 8 Spain Fernando Hierro
24%
81 20 Norway Ole Gunar Solskjaer
24%
105 2 Argentina Javier Zanetti
23%
94 13 Germany Bastian Schweinsteiger
22%
78 17 Portugal Deco
22%
76 11 Ghana Michael Essien
21%
85 1 Italy Gennaro Gattuso
20%
100 2 France Patrice Evra
19%
75 30 Netherlands Patrick Kluivert
19%
96 23 Spain Cesc Fàbregas
18%
75 3 Netherlands Edgar Davids
18%
81 0 Argentina Javier Mascherano
18%
75 1 France Lilian Thuram
18%
96 17 Germany Michael Ballack
18%
76 3 France Patrick Vieira
18%
104 39 Spain Fernando Morientes
17%
82 14 France Robert Pirès
16%
96 1 France Claude Makelele
14%
91 1 England Jamie Carragher
13%
99 16 Spain Guti
12%
84 3 Norway John Arne Riise
12%
85 6 Brazil Lúcio
12%
83 12 Czech Republic Tomáš Rosický
12%
77 24 Peru Claudio Pizarro
11%
92 3 Portugal Ricardo Carvalho
11%
75 1 France Didier Deschamps
10%
79 8 Netherlands Mark van Bommel
10%
94 0 Italy Alessandro Costacurta
9%
85 9 Netherlands Frank de Boer
8%
84 3 Georgia Kakha Kaladze
8%
83 1 Spain Míchel Salgado
8%
93 12 Serbia Dejan Stanković
7%
81 6 Argentina Esteban Cambiasso
7%
76 2 Republic or Ireland John O’Shea
6%
84 10 Netherlands Phillip Cocu
6%
76 6 France William Gallas
6%
83 8 France Florent Malouda
5%
82 5 Croatia Darijo Srna
4%
90 16 Spain Iván Helguera
4%
76 15 France Sylvain Wiltord
4%
75 3 Argentina Walter Samuel
4%
92 10 Bosnia-Herzegovina Hasan Salihamidžić
3%
87 2 Italy Massimo Ambrosini
3%
85 0 Brazil Maxwell
2%
80 3 Ukraine Anatoliy Tymoshchuk
1%
76 11 Italy Christian Panucci
1%
77 0 Netherlands Michael Reiziger
1%
87 2 France Mikaël Silvestre
1%
101 0 Ukraine Olexandr Shovkovskiy
1%
81 5 Russia Sergei Ignashevich
1%
81 3 Italy Alessio Tacchinardi
0%
76 1 France Anthony Réveillère
0%
79 10 Norway Bent Skammelsrud
0%
84 2 Norway Erik Hoftun
0%
107 17 Norway Roar Strand
0%
80 1 Czech Republic Tomáš Hübschman
0%
No matching quizzes found
Score Distribution
Percent of People with Each Score
Percentile by Number Answered
Your Score History
You have not taken this quiz since the last reset